Statistics for Countries With The Most Candy Consumption

Click here to take the quiz!

General Stats

  • This quiz has been taken 46 times
  • The average score is 9 of 10

Answer Stats

Total Candy Retail Volume (2016) (Pounds)Country% Correct
5,442,766United States
100%
896,398France
95%
2,361,809Germany
95%
1,518,763United Kingdom
95%
931,231Japan
93%
4,697,604China
88%
1,181,676India
83%
1,317,260Brazil
80%
699,526Mexico
78%
2,298,978Russia
78%

Score Distribution

Percentile by Number Answered

Percent of People with Each Score

Your Score History

You have not taken this quiz